00698 2200253 4500001002100000005001500021007000300036008004100039020002200080035002000102082001000122084001600132100001500148245008000163260003300243300001900276600001600295700002700311850001000338990002400348990002400372990002400396990002400420INLIS00000000000280520260530115431ta260530 0  a978-602-252-622-1 a0010-0720000088 a297.9 a297.9 UMM p0 aUmmu Adnan1 aPemimpin Pasukan Manusia,Jin dan Hewan /cUmmu Adnan;editor, Dani Fitriyani a--Jakarta :bErlangga,c2016 bilus. ;c21 cm 4acerita nabi0 aeditor, Dani Fitriyani aPUPAD a34.577/DAK/DPK/2019 a34.578/DAK/DPK/2019 a34.579/DAK/DPK/2019 a34.580/DAK/DPK/2019